Teoretičeskije osnovy gaľvanostegičeskich processov /

Salvato in:
Dettagli Bibliografici
Autori principali: Orechova, Viktorija Vasiljevna (Autore), Bajračnyj, Boris Ivanovič (Autore)
Natura: Libro
Pubblicazione: Kijev : Vyšča škola, 1988
Tags: Aggiungi Tag
Nessun Tag, puoi essere il primo ad aggiungerne!!

MARC

LEADER 00000nam a22000003a 4500
001 stu14616
005 20150617225800.9
008 ------s1988----xxr---------------------d
040 |a STU  |b slo 
041 0
044 |a xxr 
080 |a 621.357  |7 stu_us_auth*stu5861 
100 1 |a Orechova, Viktorija Vasiljevna  |4 aut 
245 1 |a Teoretičeskije osnovy gaľvanostegičeskich processov /  |c [aut.]Orechova,Viktorija Vasiljevna, Bajračnyj,Boris Ivanovič 
260 |a Kijev :  |b Vyšča škola,  |c 1988 
300 |a 207 s :  |b Tab.,grafy,lit 
700 1 |a Bajračnyj, Boris Ivanovič  |4 aut 
996 |b C83889  |c C*83889  |l CCVIIIB  |s P  |a 0  |w stu14616_0001